<?xml version="1.0" encoding="UTF-8"?>
<record
    xmlns:xsi="http://www.w3.org/2001/XMLSchema-instance"
    xsi:schemaLocation="http://www.loc.gov/MARC21/slim http://www.loc.gov/standards/marcxml/schema/MARC21slim.xsd"
    xmlns="http://www.loc.gov/MARC21/slim">

  <leader>02703njm a2200493Ia 4500</leader>
  <controlfield tag="001">24645</controlfield>
  <controlfield tag="003">IT-RoPAU</controlfield>
  <controlfield tag="005">20220918181126.0</controlfield>
  <controlfield tag="008">131025s9999    xx            000 0 und d</controlfield>
  <datafield tag="040" ind1=" " ind2=" ">
    <subfield code="a">IT-RoPAU</subfield>
  </datafield>
  <datafield tag="040" ind1=" " ind2=" ">
    <subfield code="c">IT-RoPAU</subfield>
  </datafield>
  <datafield tag="999" ind1=" " ind2=" ">
    <subfield code="c">100154</subfield>
    <subfield code="d">100154</subfield>
  </datafield>
  <datafield tag="999" ind1=" " ind2=" ">
    <subfield code="b">n.d.</subfield>
  </datafield>
  <datafield tag="100" ind1=" " ind2=" ">
    <subfield code="a">AA.VV.</subfield>
    <subfield code="9">794</subfield>
  </datafield>
  <datafield tag="100" ind1=" " ind2=" ">
    <subfield code="e">Autore musica</subfield>
    <subfield code="9">11230</subfield>
  </datafield>
  <datafield tag="100" ind1=" " ind2=" ">
    <subfield code="g">Codice autore musica SPICS: 12000</subfield>
    <subfield code="9">796</subfield>
  </datafield>
  <datafield tag="245" ind1=" " ind2=" ">
    <subfield code="a">World Hits</subfield>
  </datafield>
  <datafield tag="250" ind1=" " ind2=" ">
    <subfield code="a">1a ed.</subfield>
  </datafield>
  <datafield tag="260" ind1=" " ind2=" ">
    <subfield code="a">ITALIA</subfield>
  </datafield>
  <datafield tag="260" ind1=" " ind2=" ">
    <subfield code="b">POLYDOR</subfield>
    <subfield code="c">1978 [1a Ed.:1978]</subfield>
  </datafield>
  <datafield tag="300" ind1=" " ind2=" ">
    <subfield code="a">DISCO</subfield>
  </datafield>
  <datafield tag="300" ind1=" " ind2=" ">
    <subfield code="c">46 minuti (Testo:  pag.)</subfield>
  </datafield>
  <datafield tag="500" ind1=" " ind2=" ">
    <subfield code="a">Musica strumentale. Arrangiamento</subfield>
  </datafield>
  <datafield tag="505" ind1=" " ind2=" ">
    <subfield code="a">People Will Say (6:00) - September in the Rain (5:00) - What Is This Thing Called Love (5:00) - I Only Have Eyes For You (5:00) - Charmaine (5:00) - Besame mucho (5:00) - Singin' in the Rain (4:00) - Tenderly (6:00) - Volare (6:00) - I'Ve Got You Under My Skin (5:00)</subfield>
  </datafield>
  <datafield tag="650" ind1=" " ind2=" ">
    <subfield code="a">ARRANGIAMENTO [DISCHI]</subfield>
    <subfield code="e">Codice MATERIA SPICS: 9950</subfield>
    <subfield code="9">11231</subfield>
  </datafield>
  <datafield tag="700" ind1=" " ind2=" ">
    <subfield code="a">Last James</subfield>
    <subfield code="g">Codice autore SPICS: 10976</subfield>
    <subfield code="e">Autore</subfield>
    <subfield code="9">9404</subfield>
  </datafield>
  <datafield tag="700" ind1=" " ind2=" ">
    <subfield code="a">Last James</subfield>
    <subfield code="g">Codice interprete SPICS: 10976</subfield>
    <subfield code="e">Interprete</subfield>
    <subfield code="9">11232</subfield>
  </datafield>
  <datafield tag="700" ind1=" " ind2=" ">
    <subfield code="a">Rodgers Richard</subfield>
    <subfield code="g">Codice autore SPICS: 11120</subfield>
    <subfield code="e">Autore</subfield>
    <subfield code="p">People Will Say</subfield>
    <subfield code="9">11233</subfield>
  </datafield>
  <datafield tag="700" ind1=" " ind2=" ">
    <subfield code="a">Hammerstein Oscar</subfield>
    <subfield code="g">Codice autore musica SPICS: 15701</subfield>
    <subfield code="e">Autore musica</subfield>
    <subfield code="p">People Will Say</subfield>
    <subfield code="9">11234</subfield>
  </datafield>
  <datafield tag="700" ind1=" " ind2=" ">
    <subfield code="a">Warren Harry</subfield>
    <subfield code="e">Autore musica</subfield>
    <subfield code="p">September in the Rain - I Only Have Eyes For You</subfield>
    <subfield code="9">11235</subfield>
  </datafield>
  <datafield tag="700" ind1=" " ind2=" ">
    <subfield code="a">Harms</subfield>
    <subfield code="g">Codice autore musica SPICS: 15702</subfield>
    <subfield code="e">Autore musica</subfield>
    <subfield code="p">What Is This Thing Called Love</subfield>
    <subfield code="9">11236</subfield>
  </datafield>
  <datafield tag="700" ind1=" " ind2=" ">
    <subfield code="a">Porter Cole</subfield>
    <subfield code="g">Codice autore SPICS: 13034</subfield>
    <subfield code="e">Autore</subfield>
    <subfield code="p">What Is This Thing Called Love - I'Ve Got You Under My Skin</subfield>
    <subfield code="9">11237</subfield>
  </datafield>
  <datafield tag="700" ind1=" " ind2=" ">
    <subfield code="a">Dubin A.</subfield>
    <subfield code="g">Codice autore musica SPICS: 15703</subfield>
    <subfield code="e">Autore musica</subfield>
    <subfield code="p">I Only Have Eyes For You</subfield>
    <subfield code="9">11238</subfield>
  </datafield>
  <datafield tag="700" ind1=" " ind2=" ">
    <subfield code="a">Pollack L.</subfield>
    <subfield code="g">Codice autore musica SPICS: 14490</subfield>
    <subfield code="e">Autore musica</subfield>
    <subfield code="p">Charmaine</subfield>
    <subfield code="9">11240</subfield>
  </datafield>
  <datafield tag="700" ind1=" " ind2=" ">
    <subfield code="a">Rapee</subfield>
    <subfield code="g">Codice autore SPICS: 14471</subfield>
    <subfield code="e">Autore</subfield>
    <subfield code="p">Charmaine</subfield>
    <subfield code="9">11241</subfield>
  </datafield>
  <datafield tag="700" ind1=" " ind2=" ">
    <subfield code="a">Skylar</subfield>
    <subfield code="g">Codice autore musica SPICS: 15705</subfield>
    <subfield code="e">Autore musica</subfield>
    <subfield code="p">Besame mucho</subfield>
    <subfield code="9">11242</subfield>
  </datafield>
  <datafield tag="700" ind1=" " ind2=" ">
    <subfield code="a">Velazquez Consuelo</subfield>
    <subfield code="g">Codice autore SPICS: 15704</subfield>
    <subfield code="e">Autore</subfield>
    <subfield code="p">Besame mucho</subfield>
    <subfield code="9">11243</subfield>
  </datafield>
  <datafield tag="700" ind1=" " ind2=" ">
    <subfield code="a">Luer Karl Hermann</subfield>
    <subfield code="g">Codice autore musica SPICS: 15707</subfield>
    <subfield code="e">Autore musica</subfield>
    <subfield code="p">Singin' in the Rain</subfield>
    <subfield code="9">11244</subfield>
  </datafield>
  <datafield tag="700" ind1=" " ind2=" ">
    <subfield code="a">Freed Arthur</subfield>
    <subfield code="g">Codice autore SPICS: 15706</subfield>
    <subfield code="e">Autore</subfield>
    <subfield code="p">Singin' in the Rain</subfield>
    <subfield code="9">11245</subfield>
  </datafield>
  <datafield tag="700" ind1=" " ind2=" ">
    <subfield code="a">Lawrence Jack</subfield>
    <subfield code="g">Codice autore musica SPICS: 15708</subfield>
    <subfield code="e">Autore musica</subfield>
    <subfield code="p">Tenderly</subfield>
    <subfield code="9">11246</subfield>
  </datafield>
  <datafield tag="700" ind1=" " ind2=" ">
    <subfield code="a">Gross Walter</subfield>
    <subfield code="g">Codice autore SPICS: 15709</subfield>
    <subfield code="e">Autore</subfield>
    <subfield code="p">Tenderly</subfield>
    <subfield code="9">11247</subfield>
  </datafield>
  <datafield tag="700" ind1=" " ind2=" ">
    <subfield code="a">Modugno Domenico</subfield>
    <subfield code="g">Codice autore musica SPICS: 12142</subfield>
    <subfield code="e">Autore musica</subfield>
    <subfield code="p">Volare</subfield>
    <subfield code="9">11248</subfield>
  </datafield>
  <datafield tag="700" ind1=" " ind2=" ">
    <subfield code="a">Migliacci Franco</subfield>
    <subfield code="g">Codice autore SPICS: 13653</subfield>
    <subfield code="e">Autore</subfield>
    <subfield code="p">Volare</subfield>
    <subfield code="9">11249</subfield>
  </datafield>
  <datafield tag="942" ind1=" " ind2=" ">
    <subfield code="c">MD</subfield>
    <subfield code="2">ddc</subfield>
  </datafield>
  <datafield tag="952" ind1=" " ind2=" ">
    <subfield code="0">0</subfield>
    <subfield code="1">0</subfield>
    <subfield code="4">0</subfield>
    <subfield code="6">24645_000000000000000</subfield>
    <subfield code="7">1</subfield>
    <subfield code="a">SPICS</subfield>
    <subfield code="b">SPICS</subfield>
    <subfield code="d">2013-10-25</subfield>
    <subfield code="l">0</subfield>
    <subfield code="o">24645</subfield>
    <subfield code="r">2013-10-25 00:00:00</subfield>
    <subfield code="w">2013-10-25</subfield>
    <subfield code="y">MD</subfield>
    <subfield code="z">Progr. Ins.: 5340 / N.Vol.: 1 / Copie: 1 - Copia rara: n.d. / date import: 01.01.2014 - By Epidotti, Trombetti, Vaglietti</subfield>
  </datafield>
</record>
